| 000 | 00892cam a2200301 4500 | ||
|---|---|---|---|
| 999 |
_c8351 _d8351 |
||
| 001 | 8351 | ||
| 003 | BD - JhCC | ||
| 005 | 20220803134023.0 | ||
| 008 | 730712s1973 maua b 001 0 eng | ||
| 035 | _a(BD - JhCC)8351 | ||
| 035 | _a(OCoLC)00644748 | ||
| 035 | _aGLIS00005302 | ||
| 040 |
_aDLC _cDLC _dMQM _dMYG _dBD - JhCC |
||
| 041 | _aeng | ||
| 082 |
_bMOR 1973 _a547 |
||
| 090 |
_aQD251.2 _b.M881 1973 |
||
| 099 | _aQD251.2.M881 1973 | ||
| 100 | 1 |
_aMorrison, Robert Thornton, _d1918- |
|
| 245 | 1 | 0 |
_aOrganic chemistry _c[by] Robert Thornton Morrison [and] Robert Neilson Boyd. |
| 250 | _a3d ed. | ||
| 260 |
_aBoston, _bAllyn and Bacon _c[1973] |
||
| 300 |
_aix, 1258 p. _billus. _c25 cm. |
||
| 504 | _aBibliography: p. 1185-1191. | ||
| 650 | 0 | _aChemistry, Organic. | |
| 700 | 1 | _aBoyd, Robert Neilson. | |
| 942 |
_2ddc _cBK _04 |
||